PDC World Darts Championship Champions (1994-2026) - Statistics

General Stats
  • This quiz has been taken 8,814 times
    3,742 since last reset
  • The average score is 11 of 13
Answer Stats
Answer % Correct
Luke Littler
98%
Phil Taylor
97%
Michael van Gerwen
96%
Gerwyn Price
93%
Luke Humphries
93%
Gary Anderson
90%
Peter Wright
90%
Michael Smith
88%
Raymond van Barneveld
82%
Rob Cross
80%
Adrian Lewis
73%
John Part
65%
Dennis Priestley
44%
No matching quizzes found
Score Distribution
Percent of People with Each Score
Percentile by Number Answered
Your Score History
You have not taken this quiz since the last reset